000 00479nam a2200181Ia 4500
001 885
005 20260306140551.0
008 260306t2011||||xx |||||||||||||| ||spa||
041 _aESP
082 _a171.7
_bO44A
100 _aOlivé, León
_eAUT
245 0 _aTemas de ética y epistemología de la ciencia:
_bDiálogo entre un filósofo y un científico
260 _c2011
300 _a111 páginas :
_c23 cm.
650 _aGEN
654 _aCHU
942 _cLIB
_dJUS
_fJUS
_2ddc
_n
999 _c885
_d885